The booktime book of fantastic first poems / (Record no. 48820)
| 000 -LEADER | |
|---|---|
| fixed length control field | 00357nam a2200121 4500 |
| 020 ## - INTERNATIONAL STANDARD BOOK NUMBER | |
| International Standard Book Number | 9780141325538 |
| 100 ## - MAIN ENTRY--PERSONAL NAME | |
| Personal name | Crebbin, June |
| 9 (RLIN) | 86223 |
| 245 ## - TITLE STATEMENT | |
| Title | The booktime book of fantastic first poems / |
| Statement of responsibility, etc | June Crebbin |
| 260 ## - PUBLICATION, DISTRIBUTION, ETC. (IMPRINT) | |
| Place of publication, distribution, etc | London |
| Name of publisher, distributor, etc | Puffin Books |
| Date of publication, distribution, etc | 2008 |
| 300 ## - PHYSICAL DESCRIPTION | |
| Extent | 28 p. |
| Other physical details | col. ill. |
| Dimensions | 27 cm. |
| 650 ## - SUBJECT ADDED ENTRY--TOPICAL TERM | |
| Topical term or geographic name as entry element | Poems |
| Form subdivision | Juvenile Literature |
| 9 (RLIN) | 86224 |
| 942 ## - ADDED ENTRY ELEMENTS (KOHA) | |
| Source of classification or shelving scheme | |
| Koha item type | Book |
| Withdrawn status | Lost status | Source of classification or shelving scheme | Damaged status | Not for loan | Collection code | Home library | Current library | Date acquired | Total Checkouts | Full call number | Barcode | Date last seen | Price effective from | Koha item type | Public note |
|---|---|---|---|---|---|---|---|---|---|---|---|---|---|---|---|
| TEACHERS' RESOURCES | Asian Hope Early Years Library | Asian Hope Early Years Library | 04/08/2025 | 808 CRE | 207804 | 04/08/2025 | 04/08/2025 | Book | YEAR 1 BOOK |